000 00504nam a2200193 a 4500
005 20240806063839.0
008 991125s1996 mx 000 0 spa u
020 _a9681651219
035 _aUPN01000008343
049 _aF
050 4 _aPQ7297 P285
_bC5
100 1 _aPaz, Octavio,
_d1914-1998
245 1 0 _aClaridad errante :
_bpoesía y prosa /
_cOctavio Paz.
260 _aMéxico :
_bFCE,
_c1996.
300 _a93 p.
440 0 _aFondo 2000
650 4 _aLiteratura mexicana
_94466
905 _aLibro
999 _c8343
_d8343